Country by Largest Minority Group - Statistics

General Stats
  • This quiz has been taken 81 times
  • The average score is 83 of 196
Answers on the Map
Answers color-coded by a green-red scale on the quiz's map according to % correct below.
 
Answer Stats
Country Answer % Correct
Australia | Brunei | Japan | +5 others Chinese
94%
Belarus | Estonia | Kazakhstan | +2 others Russian
94%
Seychelles | Switzerland French
90%
Austria | Bulgaria | Cyprus | +3 others Turk
89%
Bahrain | Canada | Fiji | +4 others Hindustani
87%
Mexico Indigenous mexican
85%
Vatican German
82%
Lithuania Poles
82%
Iceland Polish
82%
Andorra Spanish
82%
Chad | France | Israel | +3 others Arab
77%
Liechtenstein | Malta | Monaco Italian
77%
Luxembourg Portuguese
77%
Qatar Bengali
74%
Albania Greek
74%
Hungary Romani
71%
Bosnia and Herzegovina | Hungary | Kosovo | +2 others Serb
69%
Finland Swedish
69%
Czech Republic | Moldova Ukrainian
69%
Lebanon Armenian
66%
Iraq | Jordan | Turkey Kurd
66%
Greece | North Macedonia Albanian
65%
Ireland English
65%
United Kingdom Scottish
60%
Maldives | Palau Tagalog
60%
Libya | Marocco | Tunisia Berber
58%
Cape Verde | Guyana | Panama | +3 others African
56%
Algeria Berber
55%
Yemen Somali
55%
Italy | San Marino Romanian
53%
Kyrgyzstan | Tajikistan | Turkmenistan Uzbek
53%
Spain Catalan
52%
Russia Tatar
52%
South Africa Xhosa
52%
Romania | Serbia | Slovakia Hungarian
50%
Mongolia Kazakh
50%
Eswatini Zulu
50%
Georgia | Iran Azeri
48%
Senegal Malay
48%
New Zealand Maori
48%
Bolivia | Peru Quechua
48%
Afghanistan | Uzbekistan Tajik
47%
Sri lanka Tamil
47%
Nigeria Yoruba
45%
Pakistan Pashtun
44%
Norway Sami
44%
Egypt Copt
42%
Antigua and Barbuda | Bahamas | Barbados | +9 others European
39%
Indonesia Sundanese
34%
Belgium Walloon
34%
Palestine Jewish
32%
Guatemala Maya
31%
Bhutan Nepalese
29%
Burkina Faso | Gambia | Guinea-Bissau | +2 others Fula
27%
Zambia Tonga
27%
Argentina | Chile Mestizo
24%
Saudi Arabia Urdu
24%
Ethiopia Amhara
21%
Djibouti Afar
19%
Poland Silesian
19%
Rwanda | Burundi Tutsi
19%
Nauru Fijian
18%
Timor-Leste Papuan
18%
China Zhuang
18%
Myanmar Shan
16%
The Democratic Republic of the Congo Kongo
15%
Tuvalu Micronesian
13%
Samoa | Solomon Islands Polynesian
13%
Cameroon Bantu
11%
Oman Baloch
10%
India Dravidian
10%
Marshall Islands Mixed Marshallese
10%
Zimbabwe Ndebele
10%
Mozambique Tsonga
10%
Dominica Carib
8%
Cambodia Cham
6%
Eritrea Tigre
6%
Kiribati Tuvaluan
6%
Syria Alawites
5%
Togo Ewe
5%
Azerbaijan Lezgin
5%
Cuba | Dominican Republic | Haiti | Jamaica Mulatto
5%
South Sudan Nuer
5%
Niger Songhai
5%
Armenia Yazidi
5%
Côte d'Ivoire Gur
3%
Guinea Malinke
3%
Sudan Nuba
3%
Taiwan Amis
2%
Bangladesh Bihari
2%
Equatorial Guinea Bubi
2%
Laos Khmu
2%
Belize Kriol
2%
Suriname Maroon
2%
Mauritius Mauritian Creoles
2%
Portugal Pardo
2%
Micronesia Pohnpeian
2%
Vietnam Tay
2%
Benin Aja
0%
Papua New Guinea Austronesian
0%
Nepal Bahun
0%
Central African Republic Banda
0%
Uganda Banyankole
0%
Liberia Bassa
0%
Mauritania Beidane
0%
Madagascar Betsimisaraka
0%
Sao Tome and Principe Forro
0%
Botswana Kalanga
0%
Saint Vincent and the Grenadines Kalinago
0%
Namibia Kavango
0%
Angola Kimbundu
0%
Malawi Lomwe
0%
Kenya Luhya
0%
Ghana Mabia
0%
Comoros Makua
0%
Sierra Leone Mende
0%
Ecuador Montubio
0%
Tanzania Nyakyusa
0%
Congo Teke
0%
Gabon Vili
0%
Philippines Visayan
0%
No matching quizzes found
Score Distribution
Percent of People with Each Score
Percentile by Number Answered
Your Score History
You have not taken this quiz